[Event "1516LLO"]
[Site "Mecklenburg-Vorpommern"]
[Date "2016.04.24"]
[Round "9.6"]
[White "Droese, Nico"]
[Black "Schellner, Ulf"]
[Result "0-1"]
[WhiteElo "1291"]
[BlackElo "1624"]
[PlyCount "50"]
[EventType "team-tourn"]
[EventRounds "9"]
[EventCountry "GER"]
[SourceDate "2015.09.20"]
[WhiteTeam "SV Gryps"]
[BlackTeam "SV Motor Wolgast"]
[WhiteTeamCountry "GER"]
[BlackTeamCountry "GER"]

1. d4 d5 2. Nf3 Nf6 3. e3 e6 4. Bd3 Be7 5. O-O O-O 6. Nbd2 Nbd7 7. a3 c5 8. c4
b6 9. cxd5 exd5 10. dxc5 Nxc5 11. Bc2 h6 12. h3 Nfe4 13. b4 Nc3 14. Qe1 Ba6 15.
Bb2 Bxf1 16. Bxc3 Ba6 17. Rc1 Bb7 18. e4 dxe4 19. Nxe4 Bxe4 20. Bxe4 Nxe4 21.
Qxe4 Bf6 22. Bd2 Qd7 23. Qb1 Rac8 24. Rd1 Rfd8 25. Qa2 Qa4 0-1

[Event "1516LLO"]
[Site "Mecklenburg-Vorpommern"]
[Date "2016.04.24"]
[Round "9.7"]
[White "Tarasow, Alexey"]
[Black "Romoth, Dirk"]
[Result "1-0"]
[WhiteElo "1741"]
[BlackElo "1231"]
[PlyCount "73"]
[EventType "team-tourn"]
[EventRounds "9"]
[EventCountry "GER"]
[SourceDate "2015.09.20"]
[WhiteTeam "SV Motor Wolgast"]
[BlackTeam "SV Gryps"]
[WhiteTeamCountry "GER"]
[BlackTeamCountry "GER"]

1. e4 e6 2. Nc3 d5 3. Nf3 Nf6 4. e5 Nfd7 5. d4 c5 6. dxc5 Bxc5 7. Bd3 Nc6 8.
Bf4 O-O 9. Bxh7+ Kxh7 10. Ng5+ Qxg5 11. Bxg5 Ndxe5 12. Qh5+ Kg8 13. O-O-O Bxf2
14. Rhf1 Bc5 15. Bf4 Nc4 16. Rde1 a6 17. Rf3 e5 18. Bxe5 N6xe5 19. Rxe5 Nxe5
20. Qxe5 Bg4 21. Rg3 Rfe8 22. Qg5 f5 23. h3 Be7 24. Qg6 Bh4 25. Rxg4 fxg4 26.
Qxg4 Bf2 27. Nxd5 Re1+ 28. Kd2 Rd8 29. c4 b5 30. b3 bxc4 31. bxc4 Ra1 32. Kc3
Rxa2 33. Qf4 Bc5 34. Qc7 Rf8 35. Qxc5 Rxg2 36. Ne7+ Kh7 37. Qh5# 1-0

[Event "1516LLO"]
[Site "Mecklenburg-Vorpommern"]
[Date "2016.04.24"]
[Round "9.8"]
[White "Kloepzig, Mathis Lennart"]
[Black "Lange, Jannis"]
[Result "0-1"]
[WhiteElo "984"]
[BlackElo "1610"]
[PlyCount "48"]
[EventType "team-tourn"]
[EventRounds "9"]
[EventCountry "GER"]
[SourceDate "2015.09.20"]
[WhiteTeam "SV Gryps"]
[BlackTeam "SV Motor Wolgast"]
[WhiteTeamCountry "GER"]
[BlackTeamCountry "GER"]

1. e4 c5 2. Nf3 Nc6 3. d4 cxd4 4. Nxd4 e5 5. Nxc6 bxc6 6. Bc4 Nf6 7. Bg5 Be7 8.
Nc3 d6 9. h3 Be6 10. Bb3 Qd7 11. Ba4 O-O 12. Qd2 Qb7 13. Bxf6 gxf6 14. Bb3 Kh8
15. O-O Rg8 16. Rab1 Bxh3 17. Bxf7 Rxg2+ 18. Kh1 Rg7 19. Qh6 Bxf1 20. Be6 Bg2+
21. Kh2 Rg6 22. Qh4 Bd8 23. Kg1 Bh3+ 24. Kh2 Bxe6 0-1

[Event "1516LLO"]
[Site "Mecklenburg-Vorpommern"]
[Date "2016.04.24"]
[Round "9.1"]
[White "Burwitz, Joerg"]
[Black "Van Bentum, Horst"]
[Result "1/2-1/2"]
[WhiteElo "1743"]
[BlackElo "1925"]
[PlyCount "25"]
[EventType "team-tourn"]
[EventRounds "9"]
[EventCountry "GER"]
[SourceDate "2015.09.20"]
[WhiteTeam "SV Rugia Bergen"]
[BlackTeam "SSC Graal-Mueritz"]
[WhiteTeamCountry "GER"]
[BlackTeamCountry "GER"]

1. d4 Nf6 2. Nf3 d5 3. g3 Bf5 4. Bg2 c6 5. O-O Nbd7 6. c4 dxc4 7. a4 e6 8. Nc3
Bb4 9. Nd2 Nb6 10. e4 Bg4 11. Ne2 a5 12. f3 Bh5 13. Qc2 1/2-1/2

[Event "1516LLO"]
[Site "Mecklenburg-Vorpommern"]
[Date "2016.04.24"]
[Round "9.2"]
[White "Schulz, Wolf Detlef"]
[Black "Pawlick, Helmut"]
[Result "0-1"]
[WhiteElo "1732"]
[BlackElo "1798"]
[PlyCount "64"]
[EventType "team-tourn"]
[EventRounds "9"]
[EventCountry "GER"]
[SourceDate "2015.09.20"]
[WhiteTeam "SSC Graal-Mueritz"]
[BlackTeam "SV Rugia Bergen"]
[WhiteTeamCountry "GER"]
[BlackTeamCountry "GER"]

1. e4 c5 2. Nc3 Nc6 3. f4 e6 4. Bc4 Na5 5. Be2 d5 6. d4 dxe4 7. Be3 cxd4 8.
Bxd4 Nc6 9. Bb5 Bd7 10. Nge2 a6 11. Ba4 b5 12. Bb3 Nxd4 13. Qxd4 Bc6 14. Qe3
Nf6 15. Rd1 Qc7 16. Ng3 Bd6 17. O-O Ng4 18. Qd4 O-O-O 19. Qxg7 Rhg8 20. Qxh7
Bc5+ 21. Kh1 Rh8 22. Bxe6+ Kb8 23. Qxh8 Nf2+ 24. Rxf2 Rxh8 25. Rfd2 fxe6 26.
Nce2 Rxh2+ 27. Kxh2 Qh7+ 28. Nh5 Qxh5+ 29. Kg3 Qg6+ 30. Kh3 e3 31. Rd8+ Kc7 32.
g4 Qe4 0-1

[Event "1516LLO"]
[Site "Mecklenburg-Vorpommern"]
[Date "2016.04.24"]
[Round "9.3"]
[White "Pawlowicz, Wolfgang"]
[Black "Micheel, Peter"]
[Result "1/2-1/2"]
[WhiteElo "1689"]
[BlackElo "1759"]
[PlyCount "37"]
[EventType "team-tourn"]
[EventRounds "9"]
[EventCountry "GER"]
[SourceDate "2015.09.20"]
[WhiteTeam "SV Rugia Bergen"]
[BlackTeam "SSC Graal-Mueritz"]
[WhiteTeamCountry "GER"]
[BlackTeamCountry "GER"]

1. c4 b6 2. Nc3 Bb7 3. d4 e6 4. e4 Bb4 5. Bd2 Bxc3 6. Bxc3 Bxe4 7. Qg4 Bg6 8.
Nf3 Nf6 9. Qf4 O-O 10. h3 a5 11. g4 d5 12. Ne5 Ne4 13. h4 f6 14. Nxg6 hxg6 15.
Bg2 Nxc3 16. bxc3 c6 17. Qe3 Re8 18. Qd3 f5 19. Kd2 1/2-1/2

[Event "1516LLO"]
[Site "Mecklenburg-Vorpommern"]
[Date "2016.04.24"]
[Round "9.4"]
[White "Schumann, Lutz"]
[Black "Pawlowicz, Karsten"]
[Result "1-0"]
[WhiteElo "1661"]
[BlackElo "1619"]
[PlyCount "83"]
[EventType "team-tourn"]
[EventRounds "9"]
[EventCountry "GER"]
[SourceDate "2015.09.20"]
[WhiteTeam "SSC Graal-Mueritz"]
[BlackTeam "SV Rugia Bergen"]
[WhiteTeamCountry "GER"]
[BlackTeamCountry "GER"]

1. c4 e5 2. Nc3 Nc6 3. g3 g6 4. Bg2 Bg7 5. d3 a6 6. Nf3 d6 7. O-O Bg4 8. h3 Bd7
9. Rb1 Qc8 10. Kh2 f5 11. Bd2 h5 12. Bg5 Be6 13. Nh4 Bf7 14. Qd2 Nd4 15. f4 Ne6
16. e4 Nxg5 17. fxg5 Ne7 18. exf5 gxf5 19. Rbe1 O-O 20. Qe2 c6 21. Bf3 Qe8 22.
Nd1 d5 23. b3 e4 24. g6 Nxg6 25. Nxf5 exf3 26. Qxf3 Qd7 27. Nxg7 Kxg7 28. Qf6+
Kh7 29. Rf5 Nh8 30. Re7 Qxf5 31. Qxf5+ Kg8 32. Rxb7 Rae8 33. Nc3 Bg6 34. Qd7
Bf7 35. cxd5 cxd5 36. Kg2 Re5 37. d4 Re3 38. Rc7 Ng6 39. Qf5 h4 40. Nxd5 Rxg3+
41. Kh2 Bxd5 42. Qxd5+ 1-0

[Event "1516LLO"]
[Site "Mecklenburg-Vorpommern"]
[Date "2016.04.24"]
[Round "9.5"]
[White "Scheel, Manfred"]
[Black "Hausmann, Ulrich"]
[Result "1-0"]
[WhiteElo "1592"]
[BlackElo "1653"]
[PlyCount "69"]
[EventType "team-tourn"]
[EventRounds "9"]
[EventCountry "GER"]
[SourceDate "2015.09.20"]
[WhiteTeam "SV Rugia Bergen"]
[BlackTeam "SSC Graal-Mueritz"]
[WhiteTeamCountry "GER"]
[BlackTeamCountry "GER"]

1. e4 e5 2. Nf3 d6 3. c3 Bg4 4. Be2 Nf6 5. O-O Be7 6. h3 Bh5 7. Qc2 Bg6 8. d3
Qd7 9. Nh4 Nc6 10. b4 a6 11. Na3 Nh5 12. Nxg6 hxg6 13. Nc4 Nf4 14. Bg4 f5 15.
exf5 gxf5 16. Bf3 Nxh3+ 17. gxh3 Rxh3 18. Bg2 Rh4 19. f4 Qe6 20. Qe2 Rg4 21.
Rf3 O-O-O 22. Rh3 g5 23. fxe5 dxe5 24. Ne3 Rh4 25. Rxh4 gxh4 26. Bh3 Kb8 27.
Nxf5 Rg8+ 28. Kh2 Bd6 29. Qe4 Qg6 30. Be3 Ne7 31. Rg1 Qf7 32. Rxg8+ Qxg8 33.
Nxh4 Qxa2+ 34. Bg2 Qe6 35. Qxb7# 1-0

[Event "1516LLO"]
[Site "Mecklenburg-Vorpommern"]
[Date "2016.04.24"]
[Round "9.6"]
[White "Rath, Wolfgang"]
[Black "Behrens, Christoph"]
[Result "1-0"]
[WhiteElo "1620"]
[BlackElo "1652"]
[PlyCount "47"]
[EventType "team-tourn"]
[EventRounds "9"]
[EventCountry "GER"]
[SourceDate "2015.09.20"]
[WhiteTeam "SSC Graal-Mueritz"]
[BlackTeam "SV Rugia Bergen"]
[WhiteTeamCountry "GER"]
[BlackTeamCountry "GER"]

1. e4 e5 2. Nc3 Nc6 3. f4 exf4 4. Nf3 d6 5. d4 Nf6 6. Bxf4 Bg4 7. Qd3 a6 8. a3
Nh5 9. Be3 Qf6 10. Nd5 Qd8 11. O-O-O Nf6 12. Nc3 Be7 13. Be2 O-O 14. h3 Bxf3
15. gxf3 Nd7 16. Rhg1 Bf6 17. f4 Re8 18. e5 dxe5 19. fxe5 Ndxe5 20. dxe5 Qxd3
21. Bxd3 Bxe5 22. Ne4 Rad8 23. Bg5 Rd5 24. Bf6 1-0

[Event "1516LLO"]
[Site "Mecklenburg-Vorpommern"]
[Date "2016.04.24"]
[Round "9.7"]
[White "Hirsch, Danilo"]
[Black "Lechnauer, Uwe"]
[Result "0-1"]
[WhiteElo "1398"]
[BlackElo "1744"]
[PlyCount "48"]
[EventType "team-tourn"]
[EventRounds "9"]
[EventCountry "GER"]
[SourceDate "2015.09.20"]
[WhiteTeam "SV Rugia Bergen"]
[BlackTeam "SSC Graal-Mueritz"]
[WhiteTeamCountry "GER"]
[BlackTeamCountry "GER"]

1. e4 e5 2. Nf3 Nc6 3. d4 exd4 4. Nxd4 Bc5 5. Be3 Qf6 6. c3 Nge7 7. Be2 O-O 8.
O-O Bb6 9. Na3 d5 10. Nxc6 bxc6 11. Bxb6 cxb6 12. Bf3 Be6 13. Nc2 Rad8 14. Qe2
dxe4 15. Bxe4 Bf5 16. Rad1 Rde8 17. Nd4 Nd5 18. Nxf5 Qxf5 19. Rfe1 Qg5 20. Qf3
Re6 21. Bxd5 cxd5 22. Re2 Rfe8 23. Rde1 Rxe2 24. Rxe2 Qc1+ 0-1

[Event "1516LLO"]
[Site "Mecklenburg-Vorpommern"]
[Date "2016.04.24"]
[Round "9.8"]
[White "Laser, Dirk"]
[Black "Mundt, Friedhelm"]
[Result "1-0"]
[WhiteElo "1802"]
[BlackElo "1177"]
[PlyCount "59"]
[EventType "team-tourn"]
[EventRounds "9"]
[EventCountry "GER"]
[SourceDate "2015.09.20"]
[WhiteTeam "SSC Graal-Mueritz"]
[BlackTeam "SV Rugia Bergen"]
[WhiteTeamCountry "GER"]
[BlackTeamCountry "GER"]

1. e4 e5 2. f4 d6 3. Nf3 Bg4 4. Bc4 Bxf3 5. Qxf3 Nf6 6. Nc3 Be7 7. d3 O-O 8. f5
Nc6 9. Be3 a6 10. g4 Nd7 11. O-O-O Bg5 12. Kb1 b5 13. Bd5 Ndb8 14. h4 Bxe3 15.
Qxe3 Ra7 16. g5 Ne7 17. Qxa7 Nxd5 18. Nxd5 c6 19. Nc3 b4 20. Ne2 c5 21. Qb7 Qa5
22. h5 Qa4 23. g6 Nc6 24. gxf7+ Rxf7 25. Qc8+ Rf8 26. Qe6+ Rf7 27. Rhg1 Qb5 28.
h6 Kf8 29. hxg7+ Rxg7 30. Rxg7 1-0

[Event "1516LLO"]
[Site "Mecklenburg-Vorpommern"]
[Date "2016.04.24"]
[Round "9.1"]
[White "Voelschow, Siegfried"]
[Black "Hartung, Lothar"]
[Result "1/2-1/2"]
[WhiteElo "1948"]
[BlackElo "1741"]
[PlyCount "74"]
[EventType "team-tourn"]
[EventRounds "9"]
[EventCountry "GER"]
[SourceDate "2015.09.20"]
[WhiteTeam "SV Waterkant Saal"]
[BlackTeam "SG Neubrandenburg II"]
[WhiteTeamCountry "GER"]
[BlackTeamCountry "GER"]

1. e4 c5 2. Nf3 e6 3. d4 cxd4 4. Nxd4 a6 5. c4 Qc7 6. Nc3 Ne7 7. Be2 Nec6 8.
Nc2 Bd6 9. h3 Be5 10. Qd3 O-O 11. O-O Bf4 12. c5 Bxc1 13. Raxc1 b6 14. Qd6 Qb7
15. cxb6 Qxb6 16. Na4 Qa5 17. b3 Nd8 18. Ne3 Nb7 19. Qc7 Nc6 20. Qxa5 Nbxa5 21.
Rfd1 Ra7 22. Rd2 f6 23. Nb6 Kf7 24. Nxc8 Rxc8 25. b4 Nb7 26. Rxd7+ Kg6 27. f4
Kh6 28. Rxb7 Rxb7 29. Bxa6 Nxb4 30. Rxc8 Nxa6 31. Rc6 Nb4 32. Rxe6 Nd3 33. Ng4+
Kh5 34. Nxf6+ gxf6 35. Rxf6 Rb2 36. Rf7 Kg6 37. Rf5 Rxa2 1/2-1/2

[Event "1516LLO"]
[Site "Mecklenburg-Vorpommern"]
[Date "2016.04.24"]
[Round "9.2"]
[White "Rehbein, Hans Juergen"]
[Black "Wiese, Frank"]
[Result "0-1"]
[WhiteElo "1688"]
[BlackElo "1887"]
[PlyCount "60"]
[EventType "team-tourn"]
[EventRounds "9"]
[EventCountry "GER"]
[SourceDate "2015.09.20"]
[WhiteTeam "SG Neubrandenburg II"]
[BlackTeam "SV Waterkant Saal"]
[WhiteTeamCountry "GER"]
[BlackTeamCountry "GER"]

1. Nf3 g6 2. g3 Bg7 3. Bg2 d5 4. d4 Nf6 5. Nc3 c6 6. O-O O-O 7. Bg5 Nbd7 8. Qd2
Re8 9. Rfe1 Ne4 10. Nxe4 dxe4 11. Nh4 Nf6 12. Bh1 Ng4 13. c3 h6 14. Be3 g5 15.
Ng2 e5 16. Rad1 Be6 17. b3 Qa5 18. f3 exf3 19. exf3 Nxe3 20. Rxe3 Rad8 21. Qb2
exd4 22. cxd4 c5 23. Red3 Bxd4+ 24. Rxd4 Rxd4 25. Rxd4 cxd4 26. Kf2 Bh3 27. g4
Bxg2 28. Kxg2 Qe1 29. Qxd4 Re2+ 30. Kh3 Qh4# 0-1

[Event "1516LLO"]
[Site "Mecklenburg-Vorpommern"]
[Date "2016.04.24"]
[Round "9.3"]
[White "Onasch, Gunnar"]
[Black "Buenz, Heinrich"]
[Result "1-0"]
[WhiteElo "1782"]
[BlackElo "1678"]
[PlyCount "87"]
[EventType "team-tourn"]
[EventRounds "9"]
[EventCountry "GER"]
[SourceDate "2015.09.20"]
[WhiteTeam "SV Waterkant Saal"]
[BlackTeam "SG Neubrandenburg II"]
[WhiteTeamCountry "GER"]
[BlackTeamCountry "GER"]

1. d4 Nf6 2. c4 e6 3. Nf3 Be7 4. Nc3 O-O 5. e4 d6 6. Bd3 Nbd7 7. O-O b6 8. Qe2
Bb7 9. Re1 Re8 10. h3 Rc8 11. e5 Bxf3 12. Qxf3 dxe5 13. dxe5 Nc5 14. exf6 Qxd3
15. Qxd3 Nxd3 16. Rd1 Ne5 17. fxe7 Nxc4 18. b3 Nd6 19. Ba3 f6 20. Bxd6 cxd6 21.
Ne4 Rxe7 22. Rxd6 Rc2 23. Rd2 Rec7 24. Rad1 h6 25. Kf1 Kh7 26. Rxc2 Rxc2 27.
Rd2 Rc1+ 28. Ke2 Kg6 29. Ke3 e5 30. Nd6 f5 31. Nc4 Re1+ 32. Re2 f4+ 33. Kd2
Rxe2+ 34. Kxe2 Kf6 35. Kd3 b5 36. Nd6 a6 37. Ne4+ Kf5 38. b4 g5 39. f3 h5 40.
Nc5 g4 41. hxg4+ hxg4 42. Nxa6 e4+ 43. fxe4+ Ke5 44. Ke2 1-0

[Event "1516LLO"]
[Site "Mecklenburg-Vorpommern"]
[Date "2016.04.24"]
[Round "9.4"]
[White "Friedrich, Joerg"]
[Black "Richter, Frank"]
[Result "1/2-1/2"]
[WhiteElo "1619"]
[BlackElo "1711"]
[PlyCount "41"]
[EventType "team-tourn"]
[EventRounds "9"]
[EventCountry "GER"]
[SourceDate "2015.09.20"]
[WhiteTeam "SG Neubrandenburg II"]
[BlackTeam "SV Waterkant Saal"]
[WhiteTeamCountry "GER"]
[BlackTeamCountry "GER"]

1. d4 Nf6 2. Bg5 d5 3. Nc3 h6 4. Bh4 Bf5 5. Nf3 e6 6. a3 Be7 7. e3 O-O 8. Bd3
Bxd3 9. Qxd3 Nbd7 10. O-O-O c5 11. Qe2 a6 12. dxc5 Nxc5 13. Nd4 Qa5 14. Kb1 Na4
15. Nxa4 Qxa4 16. f3 Rac8 17. g4 b5 18. Bxf6 Bxf6 19. h4 Be7 20. Nb3 Qc4 21.
Qxc4 1/2-1/2

[Event "1516LLO"]
[Site "Mecklenburg-Vorpommern"]
[Date "2016.04.24"]
[Round "9.5"]
[White "Nickel, Reimo"]
[Black "Zibell, Walter"]
[Result "0-1"]
[WhiteElo "1743"]
[BlackElo "1760"]
[PlyCount "100"]
[EventType "team-tourn"]
[EventRounds "9"]
[EventCountry "GER"]
[SourceDate "2015.09.20"]
[WhiteTeam "SV Waterkant Saal"]
[BlackTeam "SG Neubrandenburg II"]
[WhiteTeamCountry "GER"]
[BlackTeamCountry "GER"]

1. d4 d5 2. c4 e6 3. cxd5 exd5 4. e3 Nf6 5. Nf3 Bd6 6. Be2 O-O 7. b3 c6 8. O-O
Nbd7 9. Ba3 Bxa3 10. Nxa3 Qe7 11. Nc2 Ne4 12. Nce1 Ndf6 13. Ne5 Nc3 14. Qd3
Nxe2+ 15. Qxe2 Ne4 16. N1d3 f6 17. Nf3 Bg4 18. Rac1 Ng5 19. Nde1 a5 20. Qc2 Ne4
21. Nd3 Bxf3 22. gxf3 Ng5 23. Ne1 Qe6 24. Kh1 Qh3 25. Qe2 Rae8 26. Rg1 Qh4 27.
Rg3 Qxd4 28. Rg4 Qb6 29. h4 Ne6 30. Nc2 f5 31. Rg2 Nf4 32. Qd2 Nxg2 33. Kxg2
Re6 34. f4 Rg6+ 35. Kf3 Qd8 36. Rh1 Rh6 37. Kg3 Qe8 38. f3 Qg6+ 39. Kf2 Qf6 40.
Kg3 Rg6+ 41. Kh3 Qd8 42. Qc3 Rff6 43. Qe5 Qc8 44. Nd4 Qd7 45. Qb8+ Rf8 46. Qa7
Qe7 47. Ne2 Qb4 48. Ng3 Qd2 49. Rh2 Qe1 50. Rg2 Rxg3+ 0-1

[Event "1516LLO"]
[Site "Mecklenburg-Vorpommern"]
[Date "2016.04.24"]
[Round "9.6"]
[White "Sommer, Hans Hermann"]
[Black "Ehmann, Roland"]
[Result "1/2-1/2"]
[WhiteElo "1666"]
[BlackElo "1554"]
[PlyCount "97"]
[EventType "team-tourn"]
[EventRounds "9"]
[EventCountry "GER"]
[SourceDate "2015.09.20"]
[WhiteTeam "SG Neubrandenburg II"]
[BlackTeam "SV Waterkant Saal"]
[WhiteTeamCountry "GER"]
[BlackTeamCountry "GER"]

1. e4 e6 2. Nf3 d5 3. e5 Ne7 4. d4 Ng6 5. Bd3 c5 6. c3 Nc6 7. h4 cxd4 8. cxd4
Bb4+ 9. Nc3 h5 10. Bxg6 fxg6 11. Qd3 Ne7 12. Bg5 Qa5 13. a3 Nf5 14. O-O Bxc3
15. bxc3 b6 16. Rfc1 Ba6 17. Qb1 O-O 18. Bd2 Bc4 19. Ng5 Rfe8 20. g3 Nxd4 21.
cxd4 Qxd2 22. Qxg6 Qd3 23. Qf7+ Kh8 24. Qxh5+ Kg8 25. Qf7+ Kh8 26. Nxe6 Rxe6
27. Qxe6 Qxd4 28. Qf5 Kg8 29. Rd1 Qc5 30. Qf4 Rf8 31. Qd4 Qc8 32. Kg2 Qe6 33.
Re1 Qf5 34. e6 Bd3 35. f4 Be4+ 36. Rxe4 dxe4 37. Re1 Qxe6 38. Qxe4 Qa2+ 39. Kh3
Qxa3 40. Qe6+ Kh8 41. Re5 Rf6 42. Rh5+ Rh6 43. Qe5 Rxh5 44. Qxh5+ Kg8 45. Qe8+
Kh7 46. f5 Qf3 47. Qe6 a5 48. Qg6+ Kh8 49. Qe8+ 1/2-1/2

[Event "1516LLO"]
[Site "Mecklenburg-Vorpommern"]
[Date "2016.04.24"]
[Round "9.7"]
[White "Nickel, Udo"]
[Black "Mietz, Wolfgang"]
[Result "0-1"]
[WhiteElo "1662"]
[BlackElo "1616"]
[PlyCount "152"]
[EventType "team-tourn"]
[EventRounds "9"]
[EventCountry "GER"]
[SourceDate "2015.09.20"]
[WhiteTeam "SV Waterkant Saal"]
[BlackTeam "SG Neubrandenburg II"]
[WhiteTeamCountry "GER"]
[BlackTeamCountry "GER"]

1. d4 Nf6 2. c4 g6 3. Nc3 Bg7 4. e4 d6 5. Nf3 O-O 6. h3 e5 7. dxe5 dxe5 8. Qxd8
Rxd8 9. Bg5 Re8 10. Be2 c6 11. Rd1 Be6 12. O-O Nbd7 13. Be3 Nh5 14. Rfe1 Nf4
15. Bf1 Nb6 16. b3 Rad8 17. c5 Nc8 18. Ng5 h6 19. Nf3 Kh7 20. Kh2 g5 21. g3 Ng6
22. Be2 f6 23. Nd2 Rd7 24. Bc4 Nf8 25. Be2 Red8 26. Nc4 Kg6 27. Na5 Rxd1 28.
Rxd1 Rxd1 29. Nxd1 Nd7 30. Nxb7 Bf8 31. Bg4 f5 32. exf5+ Bxf5 33. Bxf5+ Kxf5
34. Nc3 a6 35. f3 Ne7 36. Ne4 Nd5 37. Bd2 Be7 38. b4 Ke6 39. Na5 Nb8 40. a3 Kf5
41. Kg2 h5 42. Nf2 Bf6 43. Ne4 Be7 44. Nf2 Bf6 45. Nb7 h4 46. Nd6+ Kg6 47. Nde4
Be7 48. Ng4 Kf5 49. Bc1 hxg3 50. Nxg3+ Ke6 51. Bb2 Nd7 52. Ne4 Nf4+ 53. Kg3
Ne2+ 54. Kf2 Nf4 55. Kg3 Ne2+ 56. Kh2 Kf5 57. Ng3+ Nxg3 58. Kxg3 Bd8 59. Ne3+
Kg6 60. Nc4 Bc7 61. Kf2 Kf5 62. Ke3 Nf6 63. Na5 Bxa5 64. bxa5 Nd5+ 65. Kf2 Nf4
66. Kg3 Nd3 67. Bc3 Nxc5 68. Kf2 Nd3+ 69. Kg3 c5 70. h4 gxh4+ 71. Kxh4 Kf4 72.
Kh3 Kxf3 73. Kh2 Kf2 74. Kh1 e4 75. Bf6 e3 76. Bh4+ Kf1 0-1

[Event "1516LLO"]
[Site "Mecklenburg-Vorpommern"]
[Date "2016.04.24"]
[Round "9.3"]
[White "Peters, Hans Joachim"]
[Black "Moritz, Hartmut"]
[Result "0-1"]
[WhiteElo "1748"]
[BlackElo "1852"]
[PlyCount "74"]
[EventType "team-tourn"]
[EventRounds "9"]
[EventCountry "GER"]
[SourceDate "2015.09.20"]
[WhiteTeam "SG Neubrandenburg III"]
[BlackTeam "SSC Rostock 07 III"]
[WhiteTeamCountry "GER"]
[BlackTeamCountry "GER"]

1. e4 e6 2. d4 d5 3. Nc3 Nf6 4. Bg5 Be7 5. e5 Nfd7 6. Bxe7 Qxe7 7. f4 a6 8. Nf3
c5 9. Be2 Nc6 10. Qd2 O-O 11. Nd1 cxd4 12. Nxd4 f6 13. exf6 Nxf6 14. Bf3 e5 15.
fxe5 Qxe5+ 16. Ne2 Bg4 17. O-O Bxf3 18. Rxf3 Ne4 19. Rxf8+ Rxf8 20. Qe1 Re8 21.
Nec3 Nd4 22. Nxe4 Nxc2 23. Nf6+ gxf6 24. Qxe5 fxe5 25. Rc1 Nb4 26. a3 Nc6 27.
Nc3 Rd8 28. Rd1 Ne7 29. Ne4 b6 30. g4 Rf8 31. Nc3 d4 32. Na4 Nd5 33. Re1 Re8
34. Kf2 e4 35. Rd1 d3 36. Nc3 e3+ 37. Ke1 Nf4 0-1

[Event "1516LLO"]
[Site "Mecklenburg-Vorpommern"]
[Date "2016.04.24"]
[Round "9.4"]
[White "Menkhaus, Wolf Dieter"]
[Black "Hollender, Dirk"]
[Result "1/2-1/2"]
[WhiteElo "1828"]
[BlackElo "1679"]
[PlyCount "29"]
[EventType "team-tourn"]
[EventRounds "9"]
[EventCountry "GER"]
[SourceDate "2015.09.20"]
[WhiteTeam "SSC Rostock 07 III"]
[BlackTeam "SG Neubrandenburg III"]
[WhiteTeamCountry "GER"]
[BlackTeamCountry "GER"]

1. d4 d5 2. c4 e6 3. Nc3 c6 4. Nf3 dxc4 5. a4 Bb4 6. e3 b5 7. Bd2 a5 8. axb5
Bxc3 9. Bxc3 cxb5 10. b3 Bb7 11. bxc4 b4 12. Bb2 Nf6 13. Be2 Nbd7 14. O-O O-O
15. Qc2 1/2-1/2

[Event "1516LLO"]
[Site "Mecklenburg-Vorpommern"]
[Date "2016.04.24"]
[Round "9.5"]
[White "Gloeckner, Jan"]
[Black "Herde, Dittmar"]
[Result "0-1"]
[WhiteElo "1523"]
[BlackElo "1814"]
[PlyCount "56"]
[EventType "team-tourn"]
[EventRounds "9"]
[EventCountry "GER"]
[SourceDate "2015.09.20"]
[WhiteTeam "SG Neubrandenburg III"]
[BlackTeam "SSC Rostock 07 III"]
[WhiteTeamCountry "GER"]
[BlackTeamCountry "GER"]

1. e4 c5 2. d4 cxd4 3. c3 dxc3 4. Nxc3 e6 5. Bc4 Nc6 6. Nf3 d6 7. O-O Nf6 8.
Qe2 (8. Qc2 a6 9. Rd1 Qc7 10. Bf4 Ne5 11. Bb3 Be7 12. Rac1 Qb8 13. Rd2 b5) 8...
a6 9. Rd1 Qc7 10. Bf4 Ne5 11. Bb3 Be7 12. Rac1 Qb8 13. Rd2 b5 14. Rdc2 Bb7 15.
a4 b4 16. Na2 Bxe4 17. Rc8+ Qxc8 18. Rxc8+ Rxc8 19. Qxa6 O-O 20. Ng5 Bd5 21.
Bxd5 Nxd5 22. Bxe5 Ra8 23. Qd3 Bxg5 24. Bxd6 Rfd8 25. Bc5 Nc3 26. Qxd8+ Rxd8
27. Nxc3 bxc3 28. h4 cxb2 0-1

[Event "1516LLO"]
[Site "Mecklenburg-Vorpommern"]
[Date "2016.04.24"]
[Round "9.7"]
[White "Stange, Laura"]
[Black "Raitza, Egon"]
[Result "1-0"]
[WhiteElo "1267"]
[BlackElo "1688"]
[PlyCount "51"]
[EventType "team-tourn"]
[EventRounds "9"]
[EventCountry "GER"]
[SourceDate "2015.09.20"]
[WhiteTeam "SG Neubrandenburg III"]
[BlackTeam "SSC Rostock 07 III"]
[WhiteTeamCountry "GER"]
[BlackTeamCountry "GER"]

1. e4 e6 2. Nf3 d5 3. exd5 exd5 4. d4 Bd6 5. Nc3 c6 6. Be3 Bf5 7. Bd3 Ne7 8.
Qd2 O-O 9. h3 Re8 10. g4 Bxd3 11. Qxd3 Ng6 12. O-O-O Nd7 13. h4 Qc7 14. Rdg1
Ndf8 15. g5 Bf4 16. h5 Bxe3+ 17. fxe3 Ne7 18. Ne5 Nc8 19. g6 Nd6 20. gxh7+ Nxh7
21. Rg2 Kh8 22. Rhg1 Rg8 23. Rg6 Nf8 24. R6g3 Ne6 25. Rh1 Qe7 26. Ng6+ 1-0